00696nam a2200241 a 4500001001300000003000900013005001700022008004100039020000900080082001500089100001900104245004600123260003700169300000800206500003500214505002800249650001200277700001900289902000800308942000700316952011400323999001700437nice12345678IN_TiNIC20260116013714.0050524s1993 newa grp 000 0 eng  ac1000a335.4bGOE aGoel, Sita Ram aStalinist "historians" Spread the Big Lie aNew DelhibVoice of India c1993 a38p aincludes index and biblioraphy2 aforword by mahmud ayoub aMarxism1 aGoel, Sita Ram bSRS cBK 001040708StackRoom-aHMIbHMId2007-05-01g10.00l0o335.4 GOEp017800r2007-05-01v10.00w2005-05-24yBK c12067d12067